Rock Mechanics for Engineers (Record no. 546451)

000 -LEADER
fixed length control field 00385nam a22001457a 4500
082 ## - DEWEY DECIMAL CLASSIFICATION NUMBER
Classification number 624.15132
Author Mark VER
-- L-16 p-64
100 ## - MAIN ENTRY--PERSONAL NAME
Personal name Verma, B.P
9 (RLIN) 40192
245 ## - TITLE STATEMENT
Title Rock Mechanics for Engineers
250 ## - EDITION STATEMENT
Edition statement 2nd
260 ## - PUBLICATION, DISTRIBUTION, ETC.
Place of publication, distribution, etc. Delhi
Name of publisher, distributor, etc. Romesh Chander Khanna
Date of publication, distribution, etc. 1989
300 ## - PHYSICAL DESCRIPTION
Extent x, 213. p
Other physical details ill.
Dimensions 21cm
526 ## - STUDY PROGRAM INFORMATION NOTE
Program name 0
Interest level 0
Reading level 0
Title point value 624_151320000000000_VER
650 ## - SUBJECT ADDED ENTRY--TOPICAL TERM
Topical term or geographic name entry element MCE
9 (RLIN) 379
942 ## - ADDED ENTRY ELEMENTS (KOHA)
Source of classification or shelving scheme
Koha item type Book
Holdings
Withdrawn status Lost status Source of classification or shelving scheme Damaged status Not for loan Permanent Location Current Location Date acquired Total Checkouts Full call number Barcode Date last seen Date last checked out Price effective from Koha item type
          Military College of Engineering (MCE) Military College of Engineering (MCE) 06/12/2014 1 624.15132 VER MCE-24715 04/20/2017 02/23/2017 03/14/2021 Book
© 2023 Central Library, National University of Sciences and Technology. All Rights Reserved.